| 000 | 02461nam2a22003611 4500 | ||
|---|---|---|---|
| 001 | RU\NLR\BIBL_A\022126941 | ||
| 005 | 20240823171913.0 | ||
| 035 | _a(NLR Aleph) 022126941 | ||
| 090 |
_a12824035 _c12824035 |
||
| 100 | _a20240205d1820 m y0rusy50 ca | ||
| 101 | 0 | _arus | |
| 102 | _aRU | ||
| 135 | _acrcn 024anaba | ||
| 200 | 1 | _aЧ.60, № 9 | |
| 210 |
_aСанктпетербург _cв типографии издателя _d1820 |
||
| 215 |
_aС.97-136, [1] л. ил. _d8° |
||
| 316 |
_aЭкз. РНБ (1/410): №1-12 в одном пер. В сост. картон. пер., обтянутом коричневатой бумагой, с коричневыми ледерин. корешком и уголками. На нижней крышке пер. наклейка с шифром РНБ. Корешок гладкий. Обрез крапчатый синий. На форзаце техн. штамп. Размер: 21,0х12,8х4,1 см _5NLR: 1/410 |
||
| 325 | _aКопия доступна в Электрон. б-ке РНБ | ||
| 461 | 0 |
_1001RU\NLR\INFOCOMM31\5000044194 _12001#$aСын Отечества,$eисторический и политический журнал$vЧ.60, № 9 _94563199 _cСанктпетербург _d1812-1852 _nв типографии Иосифа Иоаннесова _oисторический и политический журнал _tСын Отечества, _vЧ.60, № 9 |
|
| 482 | 0 |
_1001RU\NLR\BIBL_A\022126856 _12000#$aЧ.59, № 1 _1210##$aСанктпетербург$cв типографии издателя$d1820 _912823765 _cСанктпетербург _d1820 _nв типографии издателя _p48 с. _tСын Отечества,. - Ч.59, № 1 _uhttps://vivaldi.nlr.ru/pm000050964/view |
|
| 852 |
_aNLR _j1/410 |
||
| 856 | 0 | _uhttps://vivaldi.nlr.ru/pm000050972/view | |
| 856 | 1 | _uhttps://vivaldi.nlr.ru/pm000050972/cover | |
| 856 | 2 | _uhttps://vivaldi.nlr.ru/pm000050972/text | |
| 942 | _cISSUE | ||
| 980 | _aNB | ||
| 980 | 3 | _akp | |
| 981 | 2 | 7 |
_a(27) Периодические издания _b(27) Журналы |
| 981 | 2 | 0 |
_a(20) Книжные памятники РНБ _b(20) Журналы и периодические альманахи |